| 000 | 00790cam a2200229 a 4500 | ||
|---|---|---|---|
| 001 | sa 67002145 | ||
| 003 | DLC | ||
| 005 | 20260227112328.0 | ||
| 008 | 890714s1966 ii af j 000 1 beno | ||
| 010 | _asa 67002145 | ||
| 035 | _a(OCoLC)20010295 | ||
| 040 |
_aDLC _cDLC _dDLC |
||
| 050 | 0 | 0 |
_aPZ90.B4 _bR355 1966 _aPK1718.R3145 |
| 100 | 1 |
_aRay Choudhury, Upendra Kishore, _d1863-1915. |
|
| 245 | 1 | 0 |
_aPaurāṇika kāhinī / _cUpendrakiśora Rāẏa ; alañkaraṇa, Upendrakiśora Rāẏa, Satyajit̲ Rāẏa]. |
| 250 | _a1. saṃskaraṇa. | ||
| 260 |
_aKalakātā : _bNiuskripṭa Prakāśaka, _c1888 [1966] |
||
| 300 |
_a141 p., [2] leaves of plates : _bill. (some col.) ; _c23 cm. |
||
| 500 | _aChildren's fiction. | ||
| 546 | _aIn Bengali. | ||
| 700 | 1 |
_aRay, Satyajit, _d1921-1992. |
|
| 999 |
_c73070 _d73070 |
||